| 000 | 00745cam a2200241 i 4500 | ||
|---|---|---|---|
| 001 | 2690525 | ||
| 003 | ARRUPE | ||
| 005 | 20131023175751.0 | ||
| 008 | 760812s1976 nyu b 000 0 eng | ||
| 010 | _a 75036757 | ||
| 020 |
_a0060626720 : _c$6.95 |
||
| 040 |
_aDLC _cDLC _dDLC _dOCoLC |
||
| 050 | 0 | 0 |
_aBX2350.57 _b.F67 1976 |
| 100 | 1 |
_aFord, J. Massyngberde _q(Josephine Massyngberde) _92955 |
|
| 245 | 1 | 0 |
_aWhich way for Catholic pentecostals? / _cJ. Massyngberde Ford. |
| 250 | _a1st ed. | ||
| 260 |
_aNew York : _bHarper & Row, _cc1976. |
||
| 300 |
_ax, 143 p. ; _c21 cm. |
||
| 504 | _aBibliography: p. [137]-143. | ||
| 650 | 0 |
_aPentecostalism. _92956 |
|
| 906 |
_a7 _bcbc _corignew _d1 _eocip _f19 _gy-gencatlg |
||
| 942 |
_2lcc _cMONOGRAPH |
||
| 999 |
_c118450 _d118450 |
||